[Event "Stay Safe Play From Home 229"]
[Site "Emanuel Lasker Arena"]
[Date "2020.06.16"]
[Round "3"]
[White "Edmatuag"]
[Black "Mcpupple"]
[Result "0-1"]
[WhiteElo "1694"]
[BlackElo "1800"]
[Annotator "NA RC"]
[PlyCount "102"]
[EventDate "2020.06.16"]
[EventType "swiss (blitz)"]

1. e3 {[%emt 0:00:01]} c6 {[%emt 0:00:01]} 2. d3 {[%emt 0:00:00]} d5 {[%emt 0:00:00]} 3. Nc3 {[%emt 0:00:00]} Nf6 {[%emt 0:00:02]} 4. g3 {[%emt 0:00:00]} Nbd7 {[%emt 0:00:00]} 5. Nf3 {[%emt 0:00:01]} e5 {[%emt 0:00:00]} 6. Bg2 {[%emt 0:00:01]} Bb4 {[%emt 0:00:02]} 7. Bd2 {[%emt 0:00:02]} Bxc3 {[%emt 0:00:03]} 8. Bxc3 {[%emt 0:00:01]} Qc7 {[%emt 0:00:01]} 9. e4 {[%emt 0:00:01]} d4 {[%emt 0:00:01]} 10. Bd2 {[%emt 0:00:02]} O-O {[%emt 0:00:01]} 11. O-O {[%emt 0:00:01]} Re8 {[%emt 0:00:01]} 12. Qe2 {[%emt 0:00:02]} h6 {[%emt 0:00:00]} 13. Nh4 {[%emt 0:00:01]} Nh7 {[%emt 0:00:01]} 14. Nf5 {[%emt 0:00:01]} Ndf8 {[%emt 0:00:01]} 15. g4 {[%emt 0:00:01]} Bxf5 {[%emt 0:00:01]} 16. gxf5 {[%emt 0:00:01]} f6 {[%emt 0:00:01]} 17. h4 {[%emt 0:00:01]} Nd7 {[%emt 0:00:03]} 18. Qh5 {[%emt 0:00:00]} Nb6 {[%emt 0:00:03]} 19. Bh3 {[%emt 0:00:03]} Qf7 {[%emt 0:00:00]} 20. Qg6 {[%emt 0:00:02]} Qxg6+ {[%emt 0:00:01]} 21. fxg6 {[%emt 0:00:00]} Nf8 {[%emt 0:00:01]} 22. Bf5 {[%emt 0:00:01]} Nc8 {[%emt 0:00:06]} 23. f4 {[%emt 0:00:00]} Ne7 {[%emt 0:00:00]} 24. fxe5 {[%emt 0:00:01]} Nxf5 {[%emt 0:00:01]} 25. Rxf5 {[%emt 0:00:02]} fxe5 {[%emt 0:00:01]} 26. h5 {[%emt 0:00:02]} Ne6 {[%emt 0:00:01]} 27. Rf7 {[%emt 0:00:01]} Nf4 {[%emt 0:00:02]} 28. Bxf4 {[%emt 0:00:02]} exf4 {[%emt 0:00:01]} 29. Rf1 {[%emt 0:00:01]} Re5 {[%emt 0:00:02]} 30. R1xf4 {[%emt 0:00:01]} Rxh5 {[%emt 0:00:02]} 31. Rg4 {[%emt 0:00:03]} Rg5 {[%emt 0:00:00]} 32. Rxg5 {[%emt 0:00:02]} hxg5 {[%emt 0:00:00]} 33. Rxb7 {[%emt 0:00:01]} Re8 {[%emt 0:00:01]} 34. Kg2 {[%emt 0:00:01]} Kf8 {[%emt 0:00:02]} 35. Kg3 {[%emt 0:00:01]} Re6 {[%emt 0:00:00]} 36. Rf7+ {[%emt 0:00:03]} Kg8 {[%emt 0:00:02]} 37. Rxa7 {[%emt 0:00:01]} Rxg6 {[%emt 0:00:01]} 38. Kg4 {[%emt 0:00:02]} c5 {[%emt 0:00:01]} 39. Kf5 {[%emt 0:00:03]} Rb6 {[%emt 0:00:01]} 40. b3 {[%emt 0:00:02]} g6+ {[%emt 0:00:00]} 41. Kxg5 {[%emt 0:00:03]} Kf8 {[%emt 0:00:02]} 42. Ra8+ {[%emt 0:00:00]} Ke7 {[%emt 0:00:01]} 43. Ra7+ {[%emt 0:00:00]} Kd6 {[%emt 0:00:01]} 44. Rg7 {[%emt 0:00:00]} Ke5 {[%emt 0:00:01]} 45. Rxg6 {[%emt 0:00:00]} Rxg6+ {[%emt 0:00:02]} 46. Kxg6 {[%emt 0:00:00]} Kf4 {[%emt 0:00:01]} 47. Kf6 {[%emt 0:00:02]} Ke3 {[%emt 0:00:00]} 48. e5 {[%emt 0:00:00]} Kd2 {[%emt 0:00:00]} 49. e6 {[%emt 0:00:00]} Kxc2 {[%emt 0:00:00]} 50. e7 {[%emt 0:00:00]} Kxd3 {[%emt 0:00:00]} 51. e8=Q {[%emt 0:00:00]} Kc3 {[%emt 0:00:00] Time (Lag: Av=0.41s, max=0.8s)} 0-1

[Event "Stay Safe Play From Home 229"]
[Site "Emanuel Lasker Arena"]
[Date "2020.06.16"]
[Round "3"]
[White "Tartak"]
[Black "Haxhi Baha"]
[Result "1-0"]
[WhiteElo "1540"]
[BlackElo "1920"]
[Annotator "TA"]
[PlyCount "43"]
[EventDate "2020.06.16"]
[EventType "swiss (blitz)"]

{[%evp 9,42,30,41,16,9,-6,-4,-19,3,-59,0,0,362,372,433,427,802,813,781,443,440,444,447,445,973,510,960,954,29991,29992,29994,29995,29998,29999,29999]} 1. e4 e6 2. Nf3 d5 3. exd5 exd5 4. d4 c6 5. Bd3 Nf6 6. Be3 {C01: French: Exchange Variation.} Bd6 7. Nc3 O-O 8. Qd2 {The position is equal.} Ng4 9. O-O-O (9. Bg5 $11 Re8+ 10. Ne2) 9... Re8 (9... Nxe3 $15 10. fxe3 (10. Qxe3 Re8 $15) 10... f5) 10. Bg5 $11 Qa5 $2 {[%mdl 8192]} (10... f6 $11 {and Black is okay.} 11. Bh4 Na6) 11. h3 $18 Nf6 {[#]} 12. Bxf6 $1 {[%mdl 64] Overworked Piece} gxf6 {[#]} (12... Qc7 $142) 13. Qh6 $1 {[%csl LRf6,LRh7][%mdl 576] Double Attack} f5 14. Ng5 Bf4+ 15. Kb1 Bxg5 16. Qxg5+ {[%mdl 64] Double Attack} Kf8 (16... Kh8 $142 17. Qf6+ (17. Bxf5 Bxf5 18. Qxf5 Qd8 $18) 17... Kg8) 17. Qh6+ Kg8 (17... Ke7 $142 18. g4 fxg4 19. Qg5+ Kd6 20. hxg4 Be6) 18. Rhe1 {[%cal Re1e8]} Be6 {[#]} 19. g4 $1 {[%mdl 512] White mates.} Na6 (19... fxg4 20. Bxh7+) 20. gxf5 Bd7 21. Rg1+ Kh8 22. Qg7# {Accuracy: White = 64%, Black = 37%.} 1-0

[Event "Stay Safe Play From Home 229"]
[Site "Emanuel Lasker Arena"]
[Date "2020.06.16"]
[Round "4"]
[White "Toosieslide"]
[Black "Little champs"]
[Result "1-0"]
[WhiteElo "2300"]
[BlackElo "2333"]
[Annotator "TA"]
[PlyCount "81"]
[EventDate "2020.06.16"]
[EventType "swiss (blitz)"]

{[%evp 14,80,94,72,66,68,97,62,51,60,83,58,89,97,125,119,112,95,106,57,70,0,66,-24,-20,-30,5,0,48,-11,0,0,0,0,0,-61,38,0,0,0,0,0,0,0,0,0,0,0,83,68,295,84,468,483,1071,1033,29987,281,29990,29991,29996,29996,29996,29997,29997,29998,29998,29999,29999]} 1. d4 c6 2. c4 d5 3. Nc3 dxc4 4. Nf3 Nf6 5. a4 g6 6. e4 Bg7 7. Bxc4 O-O 8. O-O Bg4 {D90: Grünfeld: 4 Nf3 Bg7 sidelines.} 9. Be3 Nbd7 10. h3 Bxf3 $1 {White is slightly better.} 11. Qxf3 e5 {[#]} 12. Rfd1 $146 ({Predecessor:} 12. d5 Nb6 13. Bb3 cxd5 14. exd5 Nc8 15. d6 Nxd6 16. Rfd1 Qb8 17. Bc5 e4 18. Qe2 Rd8 19. Bxd6 Rxd6 20. Nxe4 Nxe4 21. Qxe4 Rb6 22. Rd7 Rxb3 {1-0 (22) Chau Thi Ngoc,G (2173)-Nguyen T Thanh,A Dong Nai 2002}) 12... Qe7 13. d5 cxd5 14. Nxd5 Nxd5 15. Bxd5 {Hoping for Rac1.} ({Much weaker is} 15. exd5 $6 Qd6 $14) 15... Nf6 16. Ba2 Qb4 17. Bd5 (17. a5 $14) 17... Rad8 (17... Qe7 $11) 18. Ra2 (18. Bg5 $14 Rd6 19. Bxf6 Rxf6 20. Qe3) 18... Nxd5 $11 19. exd5 Qb3 20. Raa1 f5 21. Qe2 ({Better is} 21. Bc5 $14 Qxf3 22. gxf3) 21... Rxd5 22. Rxd5 Qxd5 23. Rd1 Qc6 24. b3 (24. a5 $11) 24... Rc8 (24... a6 $15) 25. Rc1 Qd7 (25... Qe8 {seems wilder.} 26. Rxc8 Qxc8 27. Qd3 h5 28. Qd6 Kh7) 26. Rxc8+ Qxc8 27. Qd3 h5 28. Qd5+ Kh7 29. Bxa7 Qc1+ 30. Kh2 Qf4+ (30... Qc7 $11 {keeps the balance.} 31. a5 e4+ 32. Kg1 Qc1+ 33. Kh2 Qc7+ 34. Kg1 h4) 31. g3 $16 Qc1 $2 (31... Qb4 $1 $14) 32. Be3 $2 (32. Qxb7 $18 {is the precise move to win. Black must now prevent a5.} f4 33. Kg2 fxg3 34. Be3 (34. fxg3 Qc2+ 35. Bf2 e4 $16) (34. Kxg3 Qg1+ 35. Kf3 Qh1+ {[%mdl 64] Double Attack} 36. Kg3 h4+ 37. Kxh4 Qxb7 $19)) 32... Qc2 $2 {[%mdl 8192]} (32... Qc7 $16 {is more resistant.}) 33. Qxb7 $18 f4 (33... Kh8 $142 34. a5 f4 35. gxf4 exf4 36. Qb8+ {[%mdl 64] Double Attack} Kh7 37. Qxf4 Qc3) 34. gxf4 exf4 35. Ba7 $2 (35. Bd4 {mates} Qxf2+ 36. Bxf2 Kh6 37. a5 Be5 38. a6 h4 {[#]} 39. Qe7 $1 {[%mdl 512]} Bc3 40. a7) 35... f3 $2 (35... Qc3 $18 36. Bb8 Qd4) 36. Bd4 {[%csl Gd4][%cal Rb7g7] White mates.} Kh6 37. Qxg7+ Kg5 38. Qf6+ {[%mdl 64] [#] Double Attack} Kh6 39. Be3+ Kh7 40. Qf7+ Kh8 41. Bd4# {Accuracy: White = 42%, Black = 37%.} 1-0

[Event "Stay Safe Play From Home 229"]
[Site "Emanuel Lasker Arena"]
[Date "2020.06.16"]
[Round "4"]
[White "Lamborghini"]
[Black "SoulofWolf"]
[Result "1-0"]
[WhiteElo "2175"]
[BlackElo "2223"]
[Annotator "TA"]
[PlyCount "85"]
[EventDate "2020.06.16"]
[EventType "swiss (blitz)"]

{[%evp 9,84,52,57,52,49,45,62,-17,-22,-10,3,6,201,-58,-47,-136,-129,-171,0,-166,-67,-71,168,-154,-147,-188,-187,-165,-166,-418,-208,-460,172,202,3077,3119,2433,364,29982,29983,29978,-168,525,529,512,-24,1273,1269,1260,1260,1237,1228,1397,1366,29990,336,300,178,29987,662,597,46,48,52,279,268,6315,288,1916,7,29987,29982,29998,29978,29998,29999,29999]} 1. e4 e6 2. d4 c5 3. Nc3 a6 {[#]} 4. Be3 $146 ({Predecessor:} 4. Nf3 cxd4 5. Nxd4 Qc7 6. Bd3 Nc6 7. Nxc6 dxc6 8. O-O h5 9. Be3 Nf6 10. h3 Bd6 11. f4 e5 12. f5 b5 13. a4 b4 14. Nb1 Qe7 15. Nd2 Bc5 16. Qe2 {1-0 (39) Bulmaga,I (2395)-Fejzovski,E (2075) Cappelle-la-Grande 2016}) 4... b5 5. dxc5 Qc7 6. b4 {Strongly threatening a4. C01: French: Exchange Variation.} Nf6 7. Nf3 {aiming for a4.} Nc6 8. e5 (8. a3 $14) 8... Ng4 $11 9. Ne4 Nxe3 10. fxe3 Be7 $2 (10... Nxe5 $11 {and Black is okay.} 11. Qd4 Nc6) 11. Bd3 $2 ({White has to play} 11. Nd6+ $18 Bxd6 12. exd6) 11... O-O 12. O-O (12. Nd6 $15) 12... Nxb4 $17 13. Nd6 Nd5 $2 (13... Qxc5 $19 14. Be4 Qxe3+ 15. Kh1 Rb8) 14. Qe2 $2 (14. Nh4 $1 $11 {and White has nothing to worry.} g6 15. Be4 Bxh4 16. Bxd5 exd5 17. Qd4) 14... Bb7 (14... Qxc5 $19 15. Be4 Bxd6 16. Bxd5 Rb8 17. Bxe6 fxe6 18. exd6 Bb7) 15. Nd4 $15 Rab8 $2 {[#]} (15... Bxd6 $17 16. cxd6 Qc3) 16. a4 $2 (16. Qh5 g6 $11) (16. Bxh7+ $1 $18 {[%mdl 512]} Kxh7 17. Qh5+ Kg8 18. Nxf7) 16... Qxc5 $17 17. axb5 (17. Nxb7 Rxb7 18. Kh1 (18. axb5 axb5 19. Be4 Rbb8 $17) 18... bxa4) 17... Bxd6 18. exd6 axb5 19. Rf3 $2 (19. Qe1 {was necessary.}) 19... Qxd6 (19... Nc3 $142 20. Qd2 Bxf3 21. gxf3 Ra8) 20. Bxh7+ $2 (20. Rg3 {was called for.}) 20... Kh8 $4 {[%mdl 8192] [#]} (20... Kxh7 $19 21. Rh3+ Kg8) 21. Rh3 $1 $18 {White threatens Bd3+ and mate.} g6 $2 (21... Nf6) 22. Bxg6+ Kg7 23. Bd3 $2 (23. Rh7+ Kf6 24. Qf2+ Qf4 25. exf4) 23... Rh8 $2 (23... f5 $18 24. Rg3+ (24. Bxb5 Rh8 $14) (24. Nxb5 Qe5 $14) 24... Kf6) 24. Qg4+ Kf8 25. Rf3 $4 {[%mdl 8192]} (25. Rxh8+ Ke7 26. Qg5+ Nf6 {[#]} 27. Rf1 $1 {[%mdl 512]} Bf3 28. Rxf3 Rxh8 29. Qxf6+ {[%mdl 64] Double Attack} Ke8 30. Qxf7+ Kd8 31. Qf6+ {[%mdl 64] Double Attack} Kc8 32. Qxh8+ Kb7 33. Nxb5) 25... Ke7 $4 {[%mdl 8192]} (25... Qxh2+ $19 {and life is good for Black.} 26. Kf2 Rg8) 26. Qg5+ Ke8 27. Raf1 $2 (27. h4 $18) 27... Rf8 $2 {[%mdl 8192] [#]} (27... Qxh2+ $11 28. Kf2 Ne7) 28. Rxf7 $1 {[%mdl 512]} Rxf7 {[#]} 29. Bg6 $1 {[%mdl 576] Pin} Qe7 30. Qh5 Kd8 31. Rxf7 Qd6 32. Qh8+ $2 (32. Nxb5 {mates} Nf6 33. Rxf6 Qd1+ 34. Qxd1 Bd5 35. Rf8+ Ke7 36. Qa1 Rxb5 37. Qa3+ Rc5 38. Qxc5+ d6 39. Qc7+ Kxf8 40. Qf7#) 32... Kc7 33. Qg7 (33. Nxb5+ $142 Kb6 34. Nxd6 Rxh8 35. Nxb7 Kxb7 36. Rxd7+ Kc6 37. Rh7) 33... Qc5 $2 (33... Ba6 $18 34. Be4 Re8) 34. Rxd7+ (34. Nxe6+ $142 Kb6 35. Nxc5 Kc7 36. Qe5+ Kc6 37. Rxd7 Kb6 38. Qd6+ Ka5 39. Nxb7+ Ka4 40. Qa6+ Kb4 41. Qa5+ Kc4 42. Bd3#) 34... Kb6 35. Rxb7+ $2 ({White should play} 35. Qe5 $18 Rc8 36. Rd6+ Ka7 37. Rxe6) 35... Rxb7 $14 36. Qe5 Nc3 $2 (36... Rd7 $14) 37. Qxe6+ $18 Ka5 $2 (37... Kc7 38. Bf5 b4) 38. Bd3 $2 (38. Nb3+ Kb4 39. Nxc5 Kxc5 40. Qe5+ Nd5 41. Qd4+ Kc6 42. Be8+ Kc7 43. Qc5+ Kd8 44. Qxd5+ Kc8 45. Bxb5) 38... Ne2+ $2 (38... Qb6 39. Qe5 Rd7) 39. Kf2 $2 (39. Bxe2 $18 {Nb3+ would kill now.} Qc7 40. Nc6+ Kb6 41. Nd8+ Ka7 42. Nxb7 Kxb7 43. h4 Qxc2 44. Qd7+ Kb6 45. Qxb5+ Kc7 46. h5) 39... Qb4 $2 {[%mdl 8192]} (39... Nxd4 $11 40. exd4 Qxd4+ 41. Kf3 Qc5) 40. Nb3+ {White mates.} Ka4 41. Kxe2 Qc3 42. Qa6+ {[%mdl 64] Double Attack} Kb4 43. Qa5# {Accuracy: White = 26%, Black = 22%.} 1-0

[Event "Stay Safe Play From Home 229"]
[Site "Emanuel Lasker Arena"]
[Date "2020.06.16"]
[Round "4"]
[White "Bardellosport"]
[Black "Edmatuag"]
[Result "1-0"]
[WhiteElo "2031"]
[BlackElo "1682"]
[Annotator "TA"]
[PlyCount "107"]
[EventDate "2020.06.16"]
[EventType "swiss (blitz)"]

{[%evp 9,107,37,67,47,50,48,57,46,74,13,39,3,20,5,34,0,548,556,592,589,793,783,769,560,674,593,1587,1584,2062,1610,1988,2037,2033,1979,2165,2161,29988,2144,29985,1580,29988,29989,29988,2593,29993,29992,29994,29995,29995,29993,29994,29995,29996,29993,29993,29992,29991,29992,29993,29993,29994,29993,29994,29993,29994,29993,29994,29995,29995,29992,29995,29995,29998,29991,29994,29995,29995,29961,29999,29999,29999,29992,29992,29993,29993,29987,29989,29986,29985,29981,29986,29977,29985,29986,29987,29983,29988,5314,29988,29989]} 1. e4 d6 2. d3 e5 3. Nd2 c6 4. Ngf3 Be6 5. Be2 {[#]} f6 $146 ({Predecessor:} 5... Qc7 6. O-O Nf6 7. c3 d5 8. Qc2 Nbd7 9. b3 Bd6 10. Bb2 Nf8 11. a3 Ng6 {0-1 (61) Venter,C (923)-Badenhorst,M (947) Waterkloof 2015}) 6. c3 {B07: Pirc Defence: Miscellaneous Systems.} Be7 7. Qc2 Qc7 8. O-O {White is slightly better.} Nd7 9. Nc4 ({Better is} 9. d4 $16) 9... d5 10. exd5 cxd5 11. Ne3 Qb6 12. b4 Bc5 $2 {[%mdl 8192] White leaves nothing to chance now.} (12... Rc8 $1 $11) 13. bxc5 $18 Qxc5 14. d4 Qc7 15. dxe5 Nxe5 16. Nxe5 Qxe5 17. f4 Qxe3+ 18. Bxe3 g6 19. Bd4 Bf5 20. Qa4+ Kf7 21. Bf3 Ne7 22. Rae1 Rhd8 {[#]} 23. Qb4 $1 Rd7 {[#]} 24. Bc5 (24. Rxe7+ $142 $1 Rxe7 25. Bxd5+ {[%mdl 64] Double Attack} Be6 26. Bxe6+ Rxe6 27. Qxb7+ Re7 28. Qxa8 Kg7 29. Bxf6+ $1 {[%mdl 576] Deflection} Kxf6 30. Qf8+ Rf7 31. Qh8+ Ke6 32. Re1+ Kd7 33. Qe8+ {[%mdl 64] Double Attack} Kc7 34. Qxf7+ {[%mdl 64] Double Attack} Kb6 35. Re6+ Kb5 36. Qxa7 h6 37. Qa6+ Kc5 38. Re5#) 24... Rad8 25. Bxe7 Re8 {[#]} 26. Bc5 (26. Bxd5+ $142 $1 Rxd5 27. Qxb7 {[%mdl 64] Double Attack} Rd7 28. Qb3+ Kg7 {[#]} 29. Bxf6+ $1 {[%mdl 576] Discovered Attack} Kxf6 30. Rxe8 Re7 31. Rxe7) 26... Bd3 27. Rxe8 Bxf1 28. Rf8+ Kg7 29. Bf2 d4 30. Bxd4 Ba6 31. Qb3 Kxf8 32. Bxf6 Rf7 33. Be5 Rd7 34. Bd5 Ke8 35. c4 Kd8 36. Qc3 Kc8 37. Bf6 Kc7 38. Qe5+ Kb6 39. Be7 Ka5 40. a3 Ka4 41. c5 Kxa3 42. Qc3+ Ka4 43. c6 bxc6 44. Bxc6+ Bb5 45. Bxb5+ Kxb5 46. Qc5+ Ka6 47. Kf2 Rb7 48. Qa3+ Kb5 49. Bc5 Kc6 50. Qc3 Rb5 51. Be3+ Kb7 52. Qf6 Rb6 53. Qd8 (53. Bxb6 $142 Ka6 54. Bd8+ Kb5 55. Qc3 a5 56. Ke3 Ka6 57. Qxa5+ Kb7 58. Qb6+ Ka8 59. Bc7 h6 60. Qb8#) 53... Ka6 54. Bxb6 {Accuracy: White = 60%, Black = 32%.} 1-0

[Event "Stay Safe Play From Home 229"]
[Site "Emanuel Lasker Arena"]
[Date "2020.06.16"]
[Round "4"]
[White "Haxhi Baha"]
[Black "Mcpupple"]
[Result "1-0"]
[WhiteElo "1890"]
[BlackElo "1812"]
[Annotator "NA RC"]
[PlyCount "73"]
[EventDate "2020.06.16"]
[EventType "swiss (blitz)"]

1. e4 {[%emt 0:00:01]} c6 {[%emt 0:00:01]} 2. Nc3 {[%emt 0:00:02]} e6 {[%emt 0:00:00]} 3. Nf3 {[%emt 0:00:00]} d5 {[%emt 0:00:00]} 4. exd5 {[%emt 0:00:01]} exd5 {[%emt 0:00:00]} 5. d4 {[%emt 0:00:00]} Nf6 {[%emt 0:00:01]} 6. h3 {[%emt 0:00:01]} Be7 {[%emt 0:00:00]} 7. Bd3 {[%emt 0:00:01]} O-O {[%emt 0:00:00]} 8. O-O {[%emt 0:00:01]} Nbd7 {[%emt 0:00:00]} 9. Bf4 {[%emt 0:00:01]} Bb4 {[%emt 0:00:01]} 10. Re1 {[%emt 0:00:01]} Bxc3 {[%emt 0:00:01]} 11. bxc3 {[%emt 0:00:01]} Qa5 {[%emt 0:00:02]} 12. c4 {[%emt 0:00:01]} dxc4 {[%emt 0:00:01]} 13. Bxc4 {[%emt 0:00:00]} Nb6 {[%emt 0:00:01]} 14. Bb3 {[%emt 0:00:01]} Bf5 {[%emt 0:00:01]} 15. Bd2 {[%emt 0:00:01]} Qa6 {[%emt 0:00:04]} 16. Re5 {[%emt 0:00:01]} Be6 {[%emt 0:00:03]} 17. c4 {[%emt 0:00:01]} Bxc4 {[%emt 0:00:04]} 18. Bg5 {[%emt 0:00:02]} Bxb3 {[%emt 0:00:01]} 19. axb3 {[%emt 0:00:06]} Qxa1 {[%emt 0:00:04]} 20. Qxa1 {[%emt 0:00:00]} Nfd5 {[%emt 0:00:00]} 21. Bd2 {[%emt 0:00:02]} f6 {[%emt 0:00:01]} 22. Re6 {[%emt 0:00:01]} a6 {[%emt 0:00:01]} 23. Ba5 {[%emt 0:00:02]} Rae8 {[%emt 0:00:04]} 24. Qe1 {[%emt 0:00:02]} Rxe6 {[%emt 0:00:02]} 25. Qxe6+ {[%emt 0:00:00]} Kh8 {[%emt 0:00:01]} 26. Qd6 {[%emt 0:00:01]} Re8 {[%emt 0:00:02]} 27. Qc5 {[%emt 0:00:01]} Nf4 {[%emt 0:00:03]} 28. Qxb6 {[%emt 0:00:02]} Ne2+ {[%emt 0:00:00]} 29. Kh2 {[%emt 0:00:01]} Nf4 {[%emt 0:00:01]} 30. Qxb7 {[%emt 0:00:01]} h6 {[%emt 0:00:01]} 31. Qxc6 {[%emt 0:00:01]} Nd5 {[%emt 0:00:00]} 32. Qxe8+ {[%emt 0:00:01]} Kh7 {[%emt 0:00:00]} 33. Qe4+ {[%emt 0:00:00]} f5 {[%emt 0:00:05]} 34. Qxd5 {[%emt 0:00:00]} g6 {[%emt 0:00:01]} 35. Qf7+ {[%emt 0:00:01]} Kh8 {[%emt 0:00:01]} 36. Bc3 {[%emt 0:00:00]} g5 {[%emt 0:00:02]} 37. d5# {[%emt 0:00:00] (Lag: Av=0.56s, max=0.7s)} 1-0

[Event "Stay Safe Play From Home 229"]
[Site "Emanuel Lasker Arena"]
[Date "2020.06.16"]
[Round "4"]
[White "SecantFX"]
[Black "Tartak"]
[Result "0-1"]
[WhiteElo "1885"]
[BlackElo "1570"]
[Annotator "NA RC"]
[PlyCount "46"]
[EventDate "2020.06.16"]
[EventType "swiss (blitz)"]

1. g3 {[%emt 0:00:00]} e6 {[%emt 0:00:02]} 2. Bg2 {[%emt 0:00:00]} d5 {[%emt 0:00:01]} 3. f4 {[%emt 0:00:00]} c5 {[%emt 0:00:01]} 4. Nf3 {[%emt 0:00:00]} Nc6 {[%emt 0:00:00]} 5. e3 {[%emt 0:00:00]} Nf6 {[%emt 0:00:01]} 6. c3 {[%emt 0:00:00]} Bd7 {[%emt 0:00:01]} 7. O-O {[%emt 0:00:00]} Bd6 {[%emt 0:00:00]} 8. Re1 {[%emt 0:00:00]} Qc7 {[%emt 0:00:00]} 9. d4 {[%emt 0:00:00]} O-O-O {[%emt 0:00:02]} 10. Nbd2 {[%emt 0:00:00]} h5 {[%emt 0:00:01]} 11. Ne5 {[%emt 0:00:01]} h4 {[%emt 0:00:03]} 12. g4 {[%emt 0:00:01]} Bxe5 {[%emt 0:00:05]} 13. fxe5 {[%emt 0:00:01]} Ne4 {[%emt 0:00:01]} 14. Nxe4 {[%emt 0:00:02]} dxe4 {[%emt 0:00:01]} 15. Bxe4 {[%emt 0:00:00]} Nxe5 {[%emt 0:00:06]} 16. dxe5 {[%emt 0:00:02]} Bc6 {[%emt 0:00:01]} 17. Qf3 {[%emt 0:00:00]} Bxe4 {[%emt 0:00:04]} 18. Qxe4 {[%emt 0:00:01]} f5 {[%emt 0:00:01]} 19. exf6 {[%emt 0:00:01]} gxf6 {[%emt 0:00:01]} 20. Qxe6+ {[%emt 0:00:02]} Kb8 {[%emt 0:00:00]} 21. h3 {[%emt 0:00:01]} Qg3+ {[%emt 0:00:02]} 22. Kf1 {[%emt 0:00:02]} Qxh3+ {[%emt 0:00:02]} 23. Ke2 {[%emt 0:00:01]} Qg2# {[%emt 0:00:01] (Lag: Av=0.69s, max=1.1s)} 0-1

[Event "Stay Safe Play From Home 229"]
[Site "Emanuel Lasker Arena"]
[Date "2020.06.16"]
[Round "4"]
[White "Haris kollari 13"]
[Black "Rachomtbg"]
[Result "0-1"]
[WhiteElo "1724"]
[BlackElo "1911"]
[Annotator "NA RC"]
[PlyCount "60"]
[EventDate "2020.06.16"]
[EventType "swiss (blitz)"]

1. e4 {[%emt 0:00:02]} c5 {[%emt 0:00:02]} 2. f4 {[%emt 0:00:01]} d5 {[%emt 0:00:01]} 3. Nf3 {[%emt 0:00:00]} dxe4 {[%emt 0:00:01]} 4. Ng5 {[%emt 0:00:01]} Nf6 {[%emt 0:00:00]} 5. Qe2 {[%emt 0:00:02]} Bf5 {[%emt 0:00:03]} 6. h3 {[%emt 0:00:02]} Nc6 {[%emt 0:00:01]} 7. g4 {[%emt 0:00:01]} h6 {[%emt 0:00:01]} 8. gxf5 {[%emt 0:00:08]} hxg5 {[%emt 0:00:01]} 9. fxg5 {[%emt 0:00:01]} Nd4 {[%emt 0:00:01]} 10. Qc4 {[%emt 0:00:06]} Nf3+ {[%emt 0:00:03]} 11. Kd1 {[%emt 0:00:01]} Nxg5 {[%emt 0:00:02]} 12. Nc3 {[%emt 0:00:06]} a6 {[%emt 0:00:01]} 13. Qa4+ {[%emt 0:00:04]} b5 {[%emt 0:00:02]} 14. Nxb5 {[%emt 0:00:06]} axb5 {[%emt 0:00:00]} 15. Bxb5+ {[%emt 0:00:01]} Nd7 {[%emt 0:00:01]} 16. Bxd7+ {[%emt 0:00:01]} Qxd7 {[%emt 0:00:01]} 17. Qxa8+ {[%emt 0:00:01]} Qd8 {[%emt 0:00:00]} 18. Qc6+ {[%emt 0:00:01]} Qd7 {[%emt 0:00:01]} 19. Qxd7+ {[%emt 0:00:02]} Kxd7 {[%emt 0:00:01]} 20. b3 {[%emt 0:00:01]} Nxh3 {[%emt 0:00:07]} 21. Ke1 {[%emt 0:00:02]} e6 {[%emt 0:00:03]} 22. Bb2 {[%emt 0:00:01]} Bd6 {[%emt 0:00:02]} 23. fxe6+ {[%emt 0:00:02]} Kxe6 {[%emt 0:00:01]} 24. Ke2 {[%emt 0:00:01]} Nf4+ {[%emt 0:00:07]} 25. Ke3 {[%emt 0:00:01]} Re8 {[%emt 0:00:03]} 26. Kxe4 {[%emt 0:00:01]} f5+ {[%emt 0:00:01]} 27. Kf3 {[%emt 0:00:01]} g5 {[%emt 0:00:00]} 28. Rae1+ {[%emt 0:00:01]} Kf7 {[%emt 0:00:01]} 29. Rxe8 {[%emt 0:00:00]} g4+ {[%emt 0:00:00]} 30. Kf2 {[%emt 0:00:03]} Kxe8 {[%emt 0:00:00] Time (Lag: Av=0.40s, max=0.6s)} 0-1